000
00339nam a2200145Ia 4500
008
191201s2008 xx 000 0 und d
082
_a
621.38
_b
KEE
100
_a
DAVIS, Bernard
245
0
_a
Electronic Communication Systems
250
_a
4
260
_a
N.Delhi
_b
TMH
_c
2008
300
_a
763
650
_a
B.Tech(ECE)
942
_2
ddc
_c
BK
999
_c
3462
_d
3462